000 02367nam a2200421 c 4500
003 BLK
005 20241214102650.0
008 180409b bul|||||r ||||||| ||bul||
010 _aKNG00118960000
020 _a978-954-585-987-8
_bиздат.: Бард
040 _aBLK
041 _aBUL
_cBUL
080 _aПаметници на културата на историческите периоди. Археологическите паметници. Старини
_b904
_x(32)
_z904(32)
080 _aИстория на Египет (до 640 г. н. е.)
_b932
_x
_z932
080 _aРазпространяване на научните знания - популяризиране на науката, занимателна наука, учение за явленията научно необяснени, заблуждения и фалшификации, илюзии и др. п., секретност на научните знания
_b001.9
_x
_z001.9
700 1 _aБювал, Робърт
_e*
_9368829
100 1 _aБовал, Робърт
_eпърви автор
_9368828
700 _aБожилов, Венцислав Божидаров
_cТеодосиев, Стефан, 1968- (псевдоним)
_d1968-
_9367877
139 _aБювал, Робърт
_bБ 96
245 1 0 _aЕгипетският код
_c* Робърт Бювал; Робърт Бовал; прев. Венцислав Божидаров Божилов.
257 _aGBR
260 София
_bБард
_c2009
300 _a352 с.
_bс ил., 8 л. : ил.
_c21 см
380 _a9
490 1 _aПоредица Загадки и мистерии
500 _aОриг. загл. The Egypt Code / Robert Bauval. - Авт. Робърт Бовал е известен като Робърт Бювал. - Бележки.
650 4 _aАрхеологически паметници - Древен Египет
_9256657
650 4 _aДревен Египет - история
_9245250
651 4 _aДревен Египет
_9242280
653 _aДревен Египет
653 _aархеологически паметници
852 _aЦб 242511
856 4 _qpdf
_u
856 4 _qpdf
_u
942 _cKNG
_n0
_05
944 _aCR
_c21.01.2009
_lРенета Константинова
_k30546
944 _aED
_c16.02.2016
_lф /
_kЛюдмила_Стоянова
999 _c113548
_d113548